Spanish Empire Territories - Statistics

General Stats
  • This quiz has been taken 1,072 times
    487 since last reset
  • The average score is 59 of 95
Answer Stats
Hint Answer % Correct
Europe 16th-17th Portugal
94%
Europe 16th-17th France
92%
Europe 15th-17th Italy
91%
America 16th-19th Mexico
90%
Europe Homeland Spain
90%
America 16th-19th Brazil
88%
America 16th-19th United States
87%
Africa 16th-20th Morocco
86%
Europe 16th-17th Netherlands
86%
America 16th-19th Argentina
85%
Europe 16th-18th Belgium
85%
America 16th-19th Colombia
84%
America 16th-19th Cuba
84%
America 16th-19th Peru
84%
America 16th-19th Chile
83%
America 16th-19th Bolivia
82%
America 16th-19th Ecuador
82%
Europe 16th-18th Germany
82%
America 16th-19th Guatemala
82%
Asia 16th19th Philippines
82%
America 16th-19th Uruguay
82%
America 16th-19th Venezuela
82%
America 16th-19th Panama
81%
America 16th-19th Paraguay
81%
America 18th Canada (Nutka)
80%
America 16th-19th El Salvador
80%
Asia 16th-17th China (Macau)
79%
America 16th-19th Costa Rica
79%
America 16th-19th Honduras
79%
America 16th-19th Guyana
78%
America 16th-19th Nicaragua
78%
America 15th-18th Dominica
77%
America 15th-19th Dominican Republic
77%
America 16th-19th Belize
76%
America 15th-17th Haiti
76%
Asia 17th Indonesia
75%
Asia 16th-17th Portuguese India
75%
Europe 16th-18th Luxembourg
74%
Africa 16th20th Equatorial Guinea
73%
America 15th-18th Trinidad and Tobago
73%
Africa 16th-18th Algeria
72%
Africa 16th-17th Angola
72%
America 15th-17th Jamaica
72%
America 15th-18th Bahamas
70%
Africa 16th-17th Mozambique
70%
America 15th-17th Antigua and Barbuda
68%
America 16th-17th Barbados
66%
Africa 16th-17th Cape Verde
66%
Africa 16th Tunisia
66%
America 15th-17th Grenada
65%
Asia 16th-17th Japan (Nagasaki, Tanegashima)
65%
America 15th-18th Saint Kitts and Nevis
65%
America 16th-17th Saint Lucia
65%
Europe 15th-18th Malta
64%
Asia 16th-17th Malaysia
63%
Africa 16th Libya
62%
Oceania 16th-19th Marshall Islands
60%
Africa 16th-17th Sao Tome and Principe
60%
Oceania 16th-19th Micronesia
59%
Asia 16th-17th East Timor
57%
Oceania 16th-19th Palau
57%
Asia 16th-17th Sri Lanka
56%
Africa 16th-17th Guinea Bissau
54%
Oceania 16th Solomon Islands
54%
Oceania 16th Vanuatu
54%
Oceania 16th-19th Kiribati (Gilbert Islands)
53%
Asia 17th Taiwan
52%
Asia 16th Brunei
49%
Asia 16th-17th Bangladesh (Chittagong)
46%
Asia 16th-17th Oman (Muscat)
46%
America 16th-19th Puerto Rico
43%
Asia 16th-17th Iran (Qeshm)
42%
Asia 16th Cambodia
41%
Africa 19th-20th Western Sahara
41%
Oceania 16th-19th Guam
39%
Africa 16th-17th Somalia
38%
America 15th-17th Aruba
35%
America 15th-17th British Virgin Islands
35%
America 15th-17th US Virgin Islands
35%
America 15th-17th Curaçao
33%
Europe 15th-17th Gibraltar
31%
America 16th-17th Bermuda
30%
America 16th-17th Guadeloupe
30%
America 15th-17th Anguilla
29%
America 16th-17th Martinique
29%
America 15th-17th Saint Martin
29%
America 15th-16th Cayman Islands
28%
Oceania 16th-19th Northern Mariana
26%
America 15th-17th Bonaire
25%
America 18th-19th Falkland Islands
25%
America 15th-17th Montserrat
24%
Oceania 18th French Polynesia (Tahiti)
21%
America 16th-17th Saint Barths
18%
Africa 16th-17th Tristan da Cunha
14%
America 16th-17th Turks and Caicos Islands
14%
No matching quizzes found
Score Distribution
Percent of People with Each Score
Percentile by Number Answered
Your Score History
You have not taken this quiz since the last reset